00271nam a22000857a 4500082001700000100003800017245006900055260004000124300002100164 a346.0436 MOK aMokal, Sardar Muhammad Iqbal Khan aThe Transfer of Property Act /cSardar Muhammad Iqbal Khan Mokal aLahore :bP.L.D. Publishers,c2019. a287 p. ;c24 cm.